| 000 | 00961nas a2200301 4500 | ||
|---|---|---|---|
| 001 | BR0809368 | ||
| 003 | BR-BrBNA | ||
| 005 | 20231205112724.0 | ||
| 007 | ta | ||
| 008 | 230509b bl.|||p| |||| 00| 00por d | ||
| 040 |
_aBR-BrBNA _bpor _cBiblioteca Nacional de Agricultura |
||
| 041 | _a(Pt) | ||
| 072 | _aL10 | ||
| 100 | 1 | _aVal, J.E. | |
| 100 | 1 | _aFerraudo, A.S. | |
| 100 | 1 | _aBezerra, L.A.F. | |
| 100 | 1 | _aCorrado, M.P. | |
| 100 | 1 | _aLôbo, R.B. | |
| 100 | 1 | _aFreitas, M.A.R. | |
| 100 | 1 | _aPaneto, J.C.C. | |
| 245 | 1 | _aAlternativas para seleção de touros da raça Nelore considerando características múltiplas de importância econômica | |
| 650 | _aMELHORAMENTO GENÉTICO ANIMAL | ||
| 650 | _aTOURO | ||
| 650 | _aPROGÊNIE | ||
| 773 | 0 |
_tArquivo Brasileiro de Medicina Veterinária e Zootecnia (Brazil) _xISSN 0102-0935 _g(Jun 2008), v. 60(3) p. 705-712 _wBR0809368 |
|
| 909 |
_a202311 _bLúcia _c55 _dLúcia Elande |
||
| 942 |
_2AGRIS _n0 _cANA |
||
| 999 |
_c199592 _d199592 |
||